000 00737nam a22001457a 4500
008 110613t xxu||||| |||| 00| 0 eng d
010 _aCACAF39
245 _aCourt of Appeal Criminal Appeal NO. 11 OF 1996 Yuman Buya Vs Uganda
260 _c1996
500 _aCoram: Manyindo-DCJ, L.E.M. Mukasa-Kikonyogo-J, E.S. Lugayizi-J
500 _aJudgement originating from Tororo Cr.S.C. No. 15/94, Judgement of Kato, J. dated 15-5-95.
999 _c2763
_d2763